书目信息 |
| 题名: |
高分子材料的制备与加工
|
|
| 作者: | 益小苏 著 | |
| 分册: | ||
| 出版信息: | 杭州 浙江大学出版社 1997.04 |
|
| 页数: | 441页 | |
| 开本: | 32开 | |
| 丛书名: | ||
| 单 册: | ||
| 中图分类: | TQ314 | |
| 科图分类: | ||
| 主题词: | 高聚物--原料 , 高聚物--辅助材料 | |
| 电子资源: | ||
| ISBN: | 7-308-01883-0 | |
| 000 | 00598nam0 2200205 45 | |
| 001 | 0010071581 | |
| 005 | 20001007151957.2 | |
| 010 | @a7-308-01883-0@d14.00元 | |
| 100 | @a20001007d1997 km y0chiy0120 ea | |
| 101 | 0 | @achi |
| 105 | @a z 000yy | |
| 200 | 1 | @a高分子材料的制备与加工@AGao Fen Zi Cai Liao De Zhi Bei Yu Jia Gong@f益小苏著@FYi Xiao Su Zhu |
| 210 | @a杭州@c浙江大学出版社@d1997.04 | |
| 215 | @a441页@d32开 | |
| 606 | 0 | @a高聚物@x原料 |
| 606 | 0 | @a高聚物@x辅助材料 |
| 690 | @aTQ314@v3 | |
| 701 | 0 | @a益小苏@4著 |
| 801 | @aCN@bPftUser@c20001007 | |
| 905 | @b170740-744@dTQ314@eY772@f5 | |
| 高分子材料的制备与加工/益小苏著.-杭州:浙江大学出版社,1997.04 |
| 441页;32开 |
| ISBN 7-308-01883-0:14.00元 |
| ● |
| 相关链接 |
|
|
|
正题名:高分子材料的制备与加工
索取号:TQ314/Y772
 
预约/预借
| 序号 | 登录号 | 条形码 | 馆藏地/架位号 | 状态 | 备注 |
| 1 | 170740 | 201707402 | 自科库501/501自科库 140排3列5层/ [索取号:TQ314/Y772] | 在馆 | |
| 2 | 170741 | 201707411 | 期刊室512/501自科库 140排3列5层/ [索取号:TQ314/Y772] | 在馆 | |
| 3 | 170742 | 201707420 | 期刊室512/501自科库 140排3列5层/ [索取号:TQ314/Y772] | 在馆 | |
| 4 | 170743 | 201707439 | 期刊室512/501自科库 140排3列5层/ [索取号:TQ314/Y772] | 在馆 | |
| 5 | 170744 | 201707448 | 自科库501/501自科库 140排3列5层/ [索取号:TQ314/Y772] | 在馆 |